000 00300nam a22001337a 4500
008 171030b xxu||||| |||| 00| 0 eng d
020 _a9780691088075
041 _aeng
080 _a336
100 _a56
101 _aFIN
245 _aMATHEMATICAL TECHNIQUES FINANCE
_cCEANY.A
942 _2udc
_cBK
999 _c36384
_d36384